[Event "Cali Masificacion op U2050"]
[Site "Cali"]
[Date "2021.12.28"]
[Round "4"]
[White "Piraquive, Alberto"]
[Black "Andrade Obando, Joyver Ricardo"]
[Result "1-0"]
[WhiteElo "1765"]
[BlackElo "1594"]
[PlyCount "82"]
[EventDate "2021.12.26"]
[EventType "swiss"]
[EventRounds "7"]
[EventCountry "COL"]
[SourceTitle "CBM 205 Extra"]
[Source "ChessBase"]
[SourceDate "2022.01.31"]
[SourceVersion "1"]
[SourceVersionDate "2022.01.31"]
[SourceQuality "1"]

1. f4 d5 2. Nf3 Bf5 3. e3 Nf6 4. d4 e6 5. Bd3 Bg6 6. 0-0 Nbd7 7. Ne5 Be7 8. c3 c5 9. Qc2 c4 10. Bxg6 hxg6 11. Nd2 Nxe5 12. fxe5 Nd7 13. e4 0-0 14. exd5 exd5 15. Rf3 Re8 16. Nf1 Nf8 17. Qf2 f5 18. Bd2 Ne6 19. Re1 Rf8 20. Ng3 Bh4 21. Rf1 Qd7 22. Qe2 a5 23. Nh1 Be7 24. Rg3 Qe8 25. Qf3 Rd8 26. Qd1 b5 27. Qc2 b4 28. Nf2 Rb8 29. Nh3 Bh4 30. Rgf3 Qb5 31. Nf4 Nxf4 32. Bxf4 b3 33. Qb1 Rb6 34. a3 a4 35. Rh3 Be7 36. Qc1 Kf7 37. Bg5 Qe8 38. Rg3 Rh8 39. Qf4 Rh5 40. Bxe7 Qxe7 41. Qf3 Ke6 1-0

[Event "Cali Masificacion op U2050"]
[Site "Cali"]
[Date "2021.12.27"]
[Round "3"]
[White "Becerra, Danilo"]
[Black "Piraquive, Alberto"]
[Result "1-0"]
[WhiteElo "1600"]
[BlackElo "1765"]
[PlyCount "49"]
[EventDate "2021.12.26"]
[EventType "swiss"]
[EventRounds "7"]
[EventCountry "COL"]
[SourceTitle "CBM 205 Extra"]
[Source "ChessBase"]
[SourceDate "2022.01.31"]
[SourceVersion "1"]
[SourceVersionDate "2022.01.31"]
[SourceQuality "1"]

1. d4 d5 2. Nf3 f5 3. g3 Nf6 4. Bg2 e6 5. b3 Bd6 6. Bb2 Nbd7 7. Nbd2 c6 8. c4 0-0 9. 0-0 Ne4 10. cxd5 exd5 11. Ne5 Rf6 12. f3 Nxe5 13. fxe4 Ng4 14. e5 Bxe5 15. dxe5 Qb6+ 16. Kh1 Rh6 17. Nf3 f4 18. gxf4 Bf5 19. Bd4 c5 20. Bf2 Be4 21. Kg1 Qg6 22. h3 Rxh3 23. Ng5 Bxg2 24. Kxg2 Rh2+ 25. Kg3 1-0

[Event "COL Subzt 2.3.4"]
[Site "Risarald"]
[Date "2021.11.27"]
[Round "8"]
[White "Agudelo Pineres, Oscar Marino"]
[Black "Piraquive, Alberto"]
[Result "0-1"]
[WhiteElo "1983"]
[BlackElo "1722"]
[PlyCount "66"]
[EventDate "2021.11.23"]
[EventType "swiss"]
[EventRounds "9"]
[EventCountry "COL"]
[SourceTitle "CBM 205 Extra"]
[Source "ChessBase"]
[SourceDate "2022.01.31"]
[SourceVersion "1"]
[SourceVersionDate "2022.01.31"]
[SourceQuality "1"]

1. d4 d5 2. Nf3 f5 3. c4 e6 4. g3 Nf6 5. Bg2 c6 6. 0-0 Bd6 7. b3 0-0 8. Bb2 Nbd7 9. Nbd2 Qe8 10. Ne5 Ne4 11. e3 Rf6 12. f3 Ng5 13. f4 Nf7 14. Ndf3 Rh6 15. Nxf7 Qxf7 16. Ne5 Qe7 17. c5 Bc7 18. b4 Nf6 19. a4 Bxe5 20. dxe5 Ng4 21. Qd4 Nxh2 22. Rfc1 Qf7 23. Kf2 Ng4+ 24. Kf3 Rh2 25. Rh1 Qh5 26. Rxh2 Nxh2+ 27. Kf2 Ng4+ 28. Kf3 Nh2+ 29. Kf2 Ng4+ 30. Kf3 Nf6+ 31. Kf2 Ne4+ 32. Bxe4 fxe4 33. Qd1 Qh2+ 0-1

[Event "COL Subzt 2.3.4"]
[Site "Risarald"]
[Date "2021.11.24"]
[Round "3"]
[White "Piraquive, Alberto"]
[Black "Acuna, Nelson David"]
[Result "0-1"]
[WhiteElo "1722"]
[BlackElo "1994"]
[PlyCount "124"]
[EventDate "2021.11.23"]
[EventType "swiss"]
[EventRounds "9"]
[EventCountry "COL"]
[SourceTitle "CBM 205 Extra"]
[Source "ChessBase"]
[SourceDate "2022.01.31"]
[SourceVersion "1"]
[SourceVersionDate "2022.01.31"]
[SourceQuality "1"]

1. d4 Nf6 2. e3 c5 3. f4 e6 4. Nf3 b6 5. Bd3 Bb7 6. Nbd2 d6 7. c3 Be7 8. 0-0 0-0 9. Qc2 Nbd7 10. Ne4 Rc8 11. Nxf6+ Nxf6 12. e4 d5 13. e5 Ne4 14. Qe2 cxd4 15. Nxd4 Bc5 16. Be3 Qe7 17. Rf3 f5 18. Raf1 a5 19. a4 Bxd4 20. Bxd4 Nc5 21. Bb5 Bc6 22. Rb1 Qd7 23. b4 Nxa4 24. Bxa4 Bxa4 25. Bxb6 Bb5 26. Qe3 a4 27. Ra1 Rc4 28. Bd4 Ra8 29. Ra3 Rac8 30. h3 R4c6 31. g4 Qf7 32. Kh2 Rc4 33. Rg3 Rf8 34. Rf3 Qg6 35. g5 Ra8 36. Rf2 Qh5 37. Qf3 Qf7 38. Rd2 Qe7 39. Kg3 Rc6 40. Rb2 Bc4 41. Bc5 Qd7 42. Rb1 Rcc8 43. h4 Qb5 44. Qe3 Bb3 45. h5 Ra6 46. Bd4 Rac6 47. h6 R8c7 48. hxg7 Rxg7 49. Rh1 Bc2 50. Raa1 Be4 51. Rh6 Rg6 52. Rh2 Rc4 53. Qe2 Qc6 54. Kf2 Rg7 55. Qd1 Bc2 56. Qxc2 Rxd4 57. Rxa4 Rxf4+ 58. Ke1 Rxg5 59. Rg2 Rxg2 60. Qxg2+ Rg4 61. Qa2 Qxc3+ 62. Kf1 Qf3+ 0-1

[Event "Tolima Deportivo op"]
[Site "Tolima"]
[Date "2021.11.13"]
[Round "2"]
[White "Piraquive, Alberto"]
[Black "Corredor Rengifo, Luis Fernando"]
[Result "0-1"]
[WhiteElo "1722"]
[BlackElo "2154"]
[PlyCount "72"]
[EventDate "2021.11.12"]
[EventType "swiss"]
[EventRounds "7"]
[EventCountry "COL"]
[SourceTitle "CBM 205 Extra"]
[Source "ChessBase"]
[SourceDate "2022.01.31"]
[SourceVersion "1"]
[SourceVersionDate "2022.01.31"]
[SourceQuality "1"]

1. d4 Nf6 2. e3 d6 3. Bd3 e5 4. Nd2 Nc6 5. c3 g6 6. Ne2 Bg7 7. Qc2 Nd7 8. 0-0 0-0 9. f4 f5 10. Nf3 e4 11. Bc4+ Kh8 12. Ng5 Qe7 13. b4 Nb6 14. Bb3 h6 15. Nh3 Be6 16. b5 Na5 17. Rd1 Qf7 18. Rb1 Bc4 19. Nf2 a6 20. bxa6 Rxa6 21. Rd2 Rfa8 22. Qd1 Nd5 23. Rc2 Rb6 24. Qe1 Nxb3 25. axb3 Bd3 26. Rcb2 Bxb1 27. Rxb1 Ra2 28. c4 Rxe2 29. Qxe2 Nc3 30. Qc2 Nxb1 31. Bb2 Nd2 32. Qxd2 Rxb3 33. Qc1 Rb4 34. h3 Qxc4 35. Qa1 Qc2 36. Nd1 Ra4 0-1

[Event "Manizales Las Americas op-B"]
[Site "Manizales"]
[Date "2021.10.15"]
[Round "2"]
[White "Piraquive, Alberto"]
[Black "Bastidas Segovia, Samuel Eduardo"]
[Result "0-1"]
[WhiteElo "1795"]
[BlackElo "1921"]
[PlyCount "88"]
[EventDate "2021.10.14"]
[EventType "swiss"]
[EventRounds "9"]
[EventCountry "COL"]
[SourceTitle "EXT 2023"]
[Source "ChessBase"]
[SourceDate "2022.10.05"]
[SourceVersion "1"]
[SourceVersionDate "2022.10.05"]
[SourceQuality "1"]

1. d4 d5 2. f4 Nf6 3. Nf3 c5 4. e3 Bf5 5. c3 Nc6 6. Bd3 Bxd3 7. Qxd3 e6 8. Nbd2 Qb6 9. 0-0 Be7 10. Ne5 Rc8 11. Kh1 Qc7 12. Rf3 g6 13. h3 h5 14. Qe2 h4 15. Nf1 Ne4 16. Bd2 Rg8 17. Be1 f5 18. Nd2 Nxe5 19. fxe5 a6 20. a4 g5 21. Nxe4 dxe4 22. Rf1 cxd4 23. Qh5+ Kd7 24. Rd1 d3 25. g4 Rh8 26. Qg6 Rcg8 27. Qf7 Rf8 28. Qg7 Rhg8 29. Qh7 Qxe5 30. gxf5 exf5 31. c4 Qg7 32. Qxg7 Rxg7 33. Bc3 Rgf7 34. Kg2 Bc5 35. Rfe1 Re8 36. b4 Bd6 37. c5 Bg3 38. Re2 Kc8 39. Rb2 f4 40. exf4 gxf4 41. b5 f3+ 42. Kf1 e3 43. Rxd3 e2+ 44. Kg1 f2+ 0-1

[Event "Soacha op-B"]
[Site "Soacha"]
[Date "2021.09.12"]
[Round "9"]
[White "Piraquive, Alberto"]
[Black "Penas F, Luis Orlando"]
[Result "1-0"]
[WhiteElo "1843"]
[BlackElo "1432"]
[PlyCount "37"]
[EventDate "2021.09.08"]
[EventType "swiss"]
[EventRounds "9"]
[EventCountry "COL"]
[SourceTitle "CBM 204 Extra"]
[Source "ChessBase"]
[SourceDate "2021.11.30"]
[SourceVersion "1"]
[SourceVersionDate "2021.11.30"]
[SourceQuality "1"]

1. d4 Nf6 2. e3 e6 3. Bd3 b6 4. f4 Ba6 5. Nf3 Qc8 6. 0-0 Nc6 7. c3 Bxd3 8. Qxd3 d5 9. Nbd2 a5 10. Qb5 Qd7 11. Qd3 Ne7 12. Ne5 Qd6 13. Qb5+ Nd7 14. e4 f6 15. Nxd7 Qxd7 16. Qd3 c6 17. exd5 exd5 18. Rf3 Ng6 19. f5 1-0

[Event "COL-ch Amateur U2000"]
[Site "Paipa"]
[Date "2020.03.01"]
[Round "9"]
[White "Casas, Jose Fernando"]
[Black "Piraquive, Alberto"]
[Result "1-0"]
[WhiteElo "1721"]
[BlackElo "1873"]
[PlyCount "75"]
[EventDate "2020.02.26"]
[EventType "swiss"]
[EventRounds "9"]
[EventCountry "COL"]
[SourceTitle "CBM 195 Extra"]
[Source "ChessBase"]
[SourceDate "2020.05.31"]
[SourceVersion "1"]
[SourceVersionDate "2020.05.31"]
[SourceQuality "1"]

1. e4 c6 2. Nf3 d5 3. Nc3 dxe4 4. Nxe4 Bf5 5. Ng3 Bg6 6. h4 h6 7. Ne5 Bh7 8. Qh5 g6 9. Qf3 Nf6 10. Qb3 Qd5 11. Qxd5 Nxd5 12. Bc4 Bg7 13. Nf3 Nd7 14. Bb3 Nc5 15. Bxd5 cxd5 16. 0-0 0-0 17. d4 Ne4 18. c3 Nxg3 19. fxg3 e6 20. g4 f6 21. g5 fxg5 22. hxg5 h5 23. Bd2 Rae8 24. Rae1 Rf5 25. Be3 e5 26. dxe5 Bxe5 27. Bxa7 Ra8 28. Nxe5 Rxf1+ 29. Kxf1 Rxa7 30. a3 b6 31. Ke2 Ra4 32. Kd3 Kg7 33. Nd7 Bg8 34. Re7+ Bf7 35. Ne5 Re4 36. Rxf7+ Kg8 37. Re7 Kf8 38. Nxg6+ 1-0

[Event "COL-ch Amateur U2000"]
[Site "Paipa"]
[Date "2020.02.27"]
[Round "2"]
[White "Palomino Escobar, Daniel Fernando"]
[Black "Piraquive, Alberto"]
[Result "0-1"]
[WhiteElo "1777"]
[BlackElo "1873"]
[PlyCount "48"]
[EventDate "2020.02.26"]
[EventType "swiss"]
[EventRounds "9"]
[EventCountry "COL"]
[SourceTitle "CBM 195 Extra"]
[Source "ChessBase"]
[SourceDate "2020.05.31"]
[SourceVersion "1"]
[SourceVersionDate "2020.05.31"]
[SourceQuality "1"]

1. e4 c6 2. d4 d5 3. e5 c5 4. c3 Nc6 5. h3 Bf5 6. Nf3 e6 7. a3 Qb6 8. b4 cxd4 9. cxd4 Rc8 10. Be2 Nxb4 11. axb4 Bc2 12. Qd2 Bxb4 13. 0-0 Bxd2 14. Nbxd2 Ne7 15. Ba3 a6 16. Rfc1 Bg6 17. Bc5 Rxc5 18. dxc5 Qc7 19. Nd4 Qxe5 20. N2f3 Qc7 21. c6 bxc6 22. Nxc6 Nxc6 23. Rxa6 0-0 24. Rcxc6 Qf4 0-1

[Event "COL-ch Amateur U2000"]
[Site "Paipa"]
[Date "2020.02.26"]
[Round "1"]
[White "Piraquive, Alberto"]
[Black "Martinez Paipa, Hernan"]
[Result "1/2-1/2"]
[WhiteElo "1873"]
[BlackElo "1719"]
[PlyCount "49"]
[EventDate "2020.02.26"]
[EventType "swiss"]
[EventRounds "9"]
[EventCountry "COL"]
[SourceTitle "CBM 195 Extra"]
[Source "ChessBase"]
[SourceDate "2020.05.31"]
[SourceVersion "1"]
[SourceVersionDate "2020.05.31"]
[SourceQuality "1"]

1. d4 Nf6 2. f4 d5 3. Nf3 c5 4. e3 Nc6 5. c3 cxd4 6. exd4 g6 7. Bd3 Bg7 8. Nbd2 0-0 9. 0-0 Ng4 10. Qe1 Nh6 11. Ng5 Bf5 12. Bxf5 Nxf5 13. g4 Nd6 14. Ndf3 h6 15. Qh4 e6 16. Nh3 Qxh4 17. Nxh4 Bf6 18. Nf3 Ne4 19. Ne5 Nxe5 20. fxe5 Bg7 21. g5 Kh7 22. gxh6 Bxh6 23. Nf2 Nd2 24. Bxd2 Bxd2 25. Ng4 1/2-1/2

[Event "Bogota Navidad op"]
[Site "Bogota"]
[Date "2019.12.08"]
[Round "6"]
[White "Cayon, Laura Valentina"]
[Black "Piraquive, Alberto"]
[Result "0-1"]
[WhiteElo "1660"]
[BlackElo "1861"]
[PlyCount "34"]
[EventDate "2019.12.05"]
[EventType "swiss"]
[EventRounds "7"]
[EventCountry "COL"]
[SourceTitle "CBM 193 Extra"]
[Source "ChessBase"]
[SourceDate "2020.01.31"]
[SourceVersion "1"]
[SourceVersionDate "2020.01.31"]
[SourceQuality "1"]

1. d4 d5 2. Nf3 f5 3. Bf4 Nf6 4. e3 e6 5. Bd3 Bd6 6. Ne5 0-0 7. Nd2 Ne4 8. Ndf3 Nd7 9. Nxd7 Bxd7 10. Ne5 Be8 11. 0-0 Qh4 12. f3 Nf6 13. Qe1 Qxe1 14. Raxe1 Nh5 15. h3 c5 16. Nd7 Nxf4 17. Nxf8 Nxd3 0-1

[Event "COL-ch sf"]
[Site "Ubate"]
[Date "2017.10.16"]
[Round "6"]
[White "Lopez Ramirez, David Santiago"]
[Black "Piraquive, Alberto"]
[Result "1-0"]
[WhiteElo "1669"]
[BlackElo "1867"]
[PlyCount "75"]
[EventDate "2017.10.14"]
[EventType "swiss"]
[EventRounds "6"]
[EventCountry "COL"]
[SourceTitle "CBM 181 Extra"]
[Source "ChessBase"]
[SourceDate "2017.12.12"]
[SourceVersion "1"]
[SourceVersionDate "2017.12.12"]
[SourceQuality "1"]

1. e4 c6 2. Nc3 d5 3. Nf3 Bg4 4. Be2 e6 5. d4 Bb4 6. exd5 exd5 7. h3 Bxf3 8. Bxf3 f5 9. 0-0 Nf6 10. Re1+ Be7 11. Bg5 0-0 12. Bxf6 Bxf6 13. Qd3 Qb6 14. Ne2 g6 15. Qb3 Qxb3 16. axb3 Na6 17. c3 Bg5 18. Nc1 Rfe8 19. Nd3 Bf6 20. Kf1 Kf7 21. b4 Nc7 22. Rxe8 Nxe8 23. b5 Ke7 24. bxc6 bxc6 25. Nb4 Kd7 26. Ra6 Be7 27. Nxc6 Nc7 28. Ne5+ Kc8 29. Ra5 Bg5 30. Bxd5 Rb8 31. b4 Bd2 32. Rc5 Rb6 33. Ke2 Bf4 34. Nd3 Bd6 35. Rc6 Kd7 36. Rxb6 axb6 37. Bg8 Nd5 38. Bxd5 1-0

[Event "Bogota University op 9th"]
[Site "Bogota"]
[Date "2015.10.08"]
[Round "1"]
[White "Alvarez Pedraza, Aramis"]
[Black "Piraquive, Alberto"]
[Result "1-0"]
[WhiteElo "2471"]
[BlackElo "1869"]
[PlyCount "69"]
[EventDate "2015.10.08"]
[EventType "swiss"]
[EventRounds "9"]
[EventCountry "COL"]
[SourceTitle "CBM 168 Extra"]
[Source "ChessBase"]
[SourceDate "2015.10.29"]
[SourceVersion "1"]
[SourceVersionDate "2015.10.29"]
[SourceQuality "1"]

1. d4 d5 2. c4 e6 3. Nc3 f5 4. Bf4 Nf6 5. e3 Bd6 6. Bxd6 Qxd6 7. Nf3 0-0 8. Qc2 c6 9. Bd3 Ne4 10. 0-0 Nd7 11. a3 Rf6 12. Ne2 Rh6 13. g3 b6 14. cxd5 exd5 15. Nh4 g6 16. f3 Nef6 17. b4 Bb7 18. Rfc1 Re8 19. Ng2 Qe6 20. a4 Nh5 21. a5 b5 22. a6 Ba8 23. Nef4 Qd6 24. Nxh5 Rxh5 25. Qc3 Re6 26. Nf4 Rxe3 27. Nxh5 gxh5 28. Qd2 f4 29. Re1 Rxf3 30. Kg2 Rxd3 31. Qxd3 Qxb4 32. Re8+ Kg7 33. Rxa8 Qb2+ 34. Kh3 Qxa1 35. Rxa7 1-0

[Event "Bogota September op"]
[Site "Bogota"]
[Date "2015.09.20"]
[Round "5"]
[White "Piraquive, Alberto"]
[Black "Gomez Morales, Juan Sebastian"]
[Result "0-1"]
[WhiteElo "1878"]
[BlackElo "1709"]
[PlyCount "70"]
[EventDate "2015.09.18"]
[EventType "swiss"]
[EventRounds "6"]
[EventCountry "COL"]
[SourceTitle "EXT 2016"]
[Source "ChessBase"]
[SourceDate "2015.10.08"]
[SourceVersion "1"]
[SourceVersionDate "2015.10.08"]
[SourceQuality "1"]

1. d4 d5 2. e3 Nf6 3. Bd3 Bg4 4. f3 Bh5 5. Ne2 e6 6. Nf4 Bg6 7. Nxg6 hxg6 8. Qe2 Nc6 9. c3 Be7 10. Nd2 e5 11. Bb5 exd4 12. exd4 0-0 13. 0-0 Bd6 14. Nb3 Ne7 15. Bg5 c6 16. Bd3 Qc7 17. g3 Rfe8 18. Qg2 Nh7 19. Bd2 Nf5 20. Rae1 b6 21. Re2 Rxe2 22. Qxe2 Nf8 23. Re1 Ne6 24. Qg2 c5 25. Qh3 cxd4 26. Bxf5 gxf5 27. Qxf5 dxc3 28. Bxc3 Bc5+ 29. Nxc5 Qxc5+ 30. Kh1 d4 31. Qe4 Rc8 32. Bd2 Qc2 33. Qe2 Qxb2 34. Rf1 Rc2 35. Rf2 Qxa2 0-1

[Event "Bogota September op"]
[Site "Bogota"]
[Date "2015.09.19"]
[Round "3"]
[White "Piraquive, Alberto"]
[Black "Bejarano, Danny Andres"]
[Result "0-1"]
[WhiteElo "1878"]
[BlackElo "2018"]
[PlyCount "30"]
[EventDate "2015.09.18"]
[EventType "swiss"]
[EventRounds "6"]
[EventCountry "COL"]
[SourceTitle "EXT 2016"]
[Source "ChessBase"]
[SourceDate "2015.10.08"]
[SourceVersion "1"]
[SourceVersionDate "2015.10.08"]
[SourceQuality "1"]

1. d4 Nf6 2. e3 e6 3. Bd3 b6 4. Nd2 Bb7 5. Qe2 Bxg2 6. f3 Bxh1 7. Nh3 Nd5 8. Qf2 Be7 9. Ne4 Bh4 10. Ng3 Qf6 11. Be4 Nc6 12. Qf1 Bxf3 13. Bxf3 Ndb4 14. Qg2 Nxc2+ 15. Kd1 Nxa1 0-1

[Event "Tercer Piso op"]
[Site "Tercer Piso"]
[Date "2015.03.21"]
[Round "3"]
[White "Piraquive, Alberto"]
[Black "Gonzalez, Amalia"]
[Result "1-0"]
[WhiteElo "1902"]
[BlackElo "1744"]
[PlyCount "33"]
[EventDate "2015.03.21"]
[EventType "swiss"]
[EventRounds "7"]
[EventCountry "COL"]
[SourceTitle "CBM 165 Extra"]
[Source "ChessBase"]
[SourceDate "2015.04.21"]
[SourceVersion "1"]
[SourceVersionDate "2015.04.21"]
[SourceQuality "1"]

1. d4 d5 2. f4 Nc6 3. Nf3 e6 4. e3 Bd6 5. c3 Nf6 6. Bd3 a6 7. 0-0 b5 8. Ne5 Bb7 9. Qe1 Ne7 10. Nd2 c5 11. Qg3 0-0 12. Ndf3 Ne4 13. Qh3 c4 14. Bc2 Bxe5 15. Nxe5 Ng6 16. Nf3 f5 17. Bxe4 1-0